000 00312nam a22001337a 4500
008 171220b xxu||||| |||| 00| 0 eng d
020 _a9781894511278
041 _aeng
080 _a004
100 _a38
101 _ashk
245 _aMAPLE 8 INTRODUCTORY PROGRAMMING GUIDE
_cMONAGAN.M.B
942 _2udc
_cBK
999 _c39224
_d39224